000 00662nam a22002177a 4500
005 20170124110129.0
010 _aA-806093
020 _c500.00
_a8173610231
035 _aA-806093
037 _bCen Lib/Ret
040 _aDPL
_bEN
082 _a968
_bSOU
245 _aSouth Africa :
_cedited by Uma Shankar Jha
_bretrospect and prospect /
260 _aNew Delhi
_bJawahar Publishers
_c1996
300 _axviii,393p.
_c23cm(Hb)
500 _aIncludes bibliographical references and index
650 _aApartheid
_931908
650 _aSouth Africa -- History
_931909
700 _aJha, Uma Shankar
_917776
942 _2ddc
_cEN
_h968
_mSOU
999 _c131490
_d131490